Peines délits non-violents - CP GTACity RP - Statistiques

Statistiques générales
  • Ce quiz a été pris 4 fois
  • Le résultat moyen est 15 sur 57
Statistiques - réponses
Hint Réponse % Correct
Article 210-3 Ébriété sur la voie publique 1000
67%
Article 340-9. Usurpation d'identité 1500 - 1
67%
Article 330-3. Conduite avec défaut de permis 3000 - 1
67%
Article 330-5. Entrave à la circulation 3000 - 1
67%
Article 340-5. Trouble à l'ordre public 3500 - 1
67%
Article 320-5. Révélation d'un secret 5000 - 1
67%
Article 320-1. Possession de stupéfiants 5000 - 5
67%
Article 320-6. Détention et port illégal d'une arme à feu 5000 - 5
67%
Article 310-3. Destruction, dégradation, détérioration 10000 - 2
33%
Article 340-7. Exhibitionnisme 10000 - 2
33%
Article 340-16. Harcèlement 10000 - 2
33%
Article 340-12 bis. Émeute aggravée 10000 - 4
33%
Article 340-16 bis. Harcèlement aggravé 30000 - 3
33%
Article 310-1. Incendie criminel 30000 - 5
33%
Article 320-7. Recel 30000 - 5
33%
Article 340-24. Apologie du terrorisme 30000 - 5
33%
Article 320-4 bis. Détention et usage de faux aggravée 30000 - 7
33%
Article 340-14. Proxénétisme simple 30000 - 7
33%
Article 310-4 bisbis. Vol doublement aggravé 33000 - 7
33%
Article 330-2. Conduite dangereuse 4000 - 1
33%
Article 330-6. Conduite malgré interdiction 4000 - 2
33%
Article 330-7. Refus d'obtempérer 4000 - 2
33%
Article 330-9. Refus de consentir au contrôle 4000 - 2
33%
Article 340-24 bis. Apologie du terrorisme aggravée 45000 - 7
33%
Article 330-1. Conduite en état d’ivresse (+ 0,8 g/L) 4500 - 1
33%
Article 340-19. Prise illégale d'intérêts 50000 - 5
33%
Article 340-2. Refus d'identification 7000 - 1
33%
Article 340-3. Refus de se soumettre à l'injonction d'un agent public 7000 - 1
33%
Article 340-1 bis. Vente illégale aggravée 7000 - 2
33%
Article 340-12. Émeute 7000 - 2
33%
Article 330-4. Conduite sous l'influence de stupéfiants 7000 - 3
33%
Article 340-18 bis. Abus de confiance aggravé 75000 - 7
33%
Article 340-10. Obstruction à la justice 7500 - 2
33%
Article 340-15. Perturbation des lignes d'urgence 7500 - 3
33%
Article 330-8. Délit de fuite 7500 - 5
33%
Article 340-22. Outrage à la justice Juge
33%
Article 340-13-b. Prostitution par l'acte 12500 - 5
0%
Article 210-4. Diffamation 15000
0%
Article 310-4. Vol 15000 - 3
0%
Article 320-4. Détention et usage de faux 15000 - 3
0%
Article 340-4. Destruction de preuve 15000 - 3
0%
Article 340-8. Usurpation de fonction 15000 - 3
0%
Article 340-23. Évasion 15000 - 3
0%
Article 340-6. Entrave aux secours 15000 - 7
0%
Article 210-2. Dissimulation du visage dans l'espace public 2500
0%
Article 310-2. Cambriolage 25000 - 5
0%
Article 310-4 bis. Vol aggravé 25000 - 5
0%
Article 340-21. Parjure 25000 - 5
0%
Article 340-23 bis. Évasion aggravée 25000 - 5
0%
Article 340-11. Non-dénonciation d'une infraction 2500 - 3
0%
Article 340-17. Escroquerie 35000 - 5
0%
Article 340-18. Abus de confiance 35000 - 5
0%
Article 340-20. Abus de pouvoir 35000 - 5
0%
Article 210-1. Destruction, dégradation, détérioration avec dommage léger 3750
0%
Article 320-2. Consommation de stupéfiants 3750 - 1
0%
Article 340-1. Vente illégale 3750 - 1
0%
Article 330-4 bis. Conduite sous l'influence de stupéfiants aggravée 9250 - 3
0%
Aucun quiz correspondant
Distribution des résultats
% des personnes avec chaque résultat
Percentile par nombre de réponses
Votre historique - résultats
Vous n’avez pas pris ce quiz